[Event "EU-chT Seniors 05th"]
[Site "Dresden"]
[Date "2003.02.26"]
[Round "4.1"]
[White "Pojedziniec, Wladyslaw"]
[Black "Cording, Harm"]
[Result "1/2-1/2"]
[WhiteElo "2225"]
[BlackElo "2265"]
[EventDate "2003.02.23"]
[PlyCount "51"]

1.d4 Nf6 2.c4 e6 3.Nc3 Bb4 4.f3 d5 5.a3 Bxc3+ 6.bxc3 c5 7.e3 Nc6 8.Bd3 O-O
9.cxd5 Nxd5 10.Ne2 e5 11.dxc5 Qh4+ 12.g3 Qh3 13.Kf2 Be6 14.c4 Nf6 15.Nc3 
Rfd8 16.Qc2 Rd7 17.Bb2 Rad8 18.Rad1 Qh5 19.h3 e4 20.Nxe4 Nxe4+ 21.Bxe4 
Rxd1 22.Rxd1 Qxh3 23.Rg1 Bxc4 24.Qc3 Qh2+ 25.Rg2 Qh6 26.f4 1/2-1/2

[Event "EU-chT Seniors 05th"]
[Site "Dresden"]
[Date "2003.02.26"]
[Round "4.1"]
[White "Rosen, Willy"]
[Black "Neukirch, Detlef"]
[Result "1-0"]
[WhiteElo "2326"]
[BlackElo "2287"]
[EventDate "2003.02.23"]
[PlyCount "83"]

1.e4 c5 2.Nf3 e6 3.d4 cxd4 4.Nxd4 a6 5.Bd3 Bc5 6.Nb3 Ba7 7.c4 Nc6 8.O-O d6
9.Nc3 e5 10.Nd5 Nge7 11.Qe2 O-O 12.Be3 a5 13.Bxa7 Rxa7 14.a4 Nxd5 15.cxd5 
Nb4 16.Bb5 f5 17.f4 b6 18.fxe5 dxe5 19.Rac1 f4 20.Rfd1 Qg5 21.Nd2 Bg4 22.
Nf3 Qf6 23.Rc3 Qd6 24.Qf2 g5 25.Rdc1 Rg7 26.Nd2 Rg6 27.Rc7 Rf7 28.Rxf7 
Kxf7 29.Nc4 Qb8 30.Qd2 Kf6 31.Rf1 Rg8 32.h3 Bc8 33.Qc3 Na2 34.Qe3 Bf5 35.
Qe2 Bc8 36.Qh5 Qc7 37.Qh6+ Kf7 38.Qxh7+ Rg7 39.Qh5+ Kf6 40.Qh6+ Kf7 41.
Qxb6 Qxb6+ 42.Nxb6 1-0

[Event "EU-chT Seniors 05th"]
[Site "Dresden"]
[Date "2003.02.26"]
[Round "4.1"]
[White "Schmidt, Gerhard"]
[Black "Biebinger, Gerhard"]
[Result "1/2-1/2"]
[WhiteElo "2225"]
[BlackElo "2376"]
[EventDate "2003.02.23"]
[PlyCount "29"]

1.d4 d5 2.Nf3 Nf6 3.c4 c6 4.Nc3 dxc4 5.a4 Bf5 6.e3 Bd3 7.Bxd3 cxd3 8.Qxd3 
e6 9.O-O Be7 10.e4 Na6 11.Bg5 Nb4 12.Qe2 h6 13.Bf4 O-O 14.Rfd1 a5 15.h3 
1/2-1/2

[Event "EU-chT Seniors 05th"]
[Site "Dresden"]
[Date "2003.02.26"]
[Round "4.1"]
[White "Stavenhagen, Johannes"]
[Black "Weber, Bernd"]
[Result "1/2-1/2"]
[WhiteElo "1861"]
[BlackElo "2115"]
[EventDate "2003.02.23"]
[PlyCount "112"]

1.d4 Nf6 2.c4 e6 3.a3 b6 4.Nc3 Bb7 5.Bg5 d5 6.cxd5 exd5 7.e3 Be7 8.Bb5+ 
Nbd7 9.Bxf6 Bxf6 10.Qa4 a6 11.Bxd7+ Qxd7 12.Qxd7+ Kxd7 13.Nge2 Rhe8 14.O-O
c6 15.Na4 Bd8 16.Rac1 a5 17.Ng3 g6 18.Rfd1 f5 19.Re1 Ba6 20.Nf1 Bb5 21.Nc3
Bxf1 22.Kxf1 b5 23.Ne2 Bc7 24.Rc2 a4 25.Rec1 Re6 26.g3 g5 27.Nc3 Bb6 28.
Na2 Ba5 29.Nc3 Rf8 30.Ne2 Rff6 31.Kg2 Bc7 32.Nc3 Bd6 33.Na2 Be7 34.Nc3 Bd8
35.Ne2 Bc7 36.Nc3 Bb8 37.Ne2 f4 38.exf4 gxf4 39.f3 fxg3 40.hxg3 Re3 41.f4 
Ba7 42.Rd1 Re4 43.Kf3 Rfe6 44.Rd3 Bb6 45.f5 Rf6 46.g4 h5 47.Nf4 hxg4+ 48.
Kxg4 Bxd4 49.Rxd4 Rxd4 50.Kg5 Rf7 51.Ne6 Rd1 52.Kg6 Ke7 53.Re2 Rg1+ 54.
Ng5+ Kf8 55.f6 Rd7 56.Rh2 Kg8 1/2-1/2

[Event "EU-chT Seniors 05th"]
[Site "Dresden"]
[Date "2003.02.26"]
[Round "4.1"]
[White "Turikov, Viktor"]
[Black "Uhlmann, Wolfgang"]
[Result "0-1"]
[WhiteElo "2370"]
[BlackElo "2446"]
[EventDate "2003.02.23"]
[PlyCount "160"]

1.Nf3 Nf6 2.d4 g6 3.Nbd2 c5 4.dxc5 Qa5 5.g3 Bg7 6.Bg2 Qxc5 7.O-O O-O 8.c3 
d6 9.e4 Nc6 10.Re1 Qh5 11.Nf1 Bh3 12.Bf4 Rad8 13.Bxh3 Qxh3 14.Qb3 b6 15.
Qa4 Qd7 16.Kg2 h6 17.Rad1 Qb7 18.Kg1 b5 19.Qc2 a5 20.Qe2 b4 21.c4 Nd7 22.
h4 b3 23.a3 Rc8 24.N1h2 Nde5 25.Nxe5 Nxe5 26.Bxe5 Bxe5 27.Nf3 Bg7 28.Rd5 
a4 29.e5 Qc6 30.Rd4 Qc5 31.Re4 e6 32.exd6 Qxd6 33.Ne5 Rfd8 34.f4 Qd2 35.
Kf2 Qc2 36.Qxc2 bxc2 37.Ke2 Rb8 38.Rc1 Rxb2 39.c5 Bxe5 40.fxe5 Rd5 41.Rc4 
Rxe5+ 42.Kf2 Rd5 43.c6 Rd8 44.Rxa4 Rc8 45.Rc4 Kf8 46.g4 g5 47.hxg5 hxg5 
48.Ke2 Ke7 49.Kd2 Kd6 50.Rf1 Rc7 51.Rf3 Kd5 52.Rcc3 Rb6 53.Rfd3+ Ke5 54.
Rc5+ Kf6 55.Rdc3 Ke7 56.R5c4 e5 57.Kxc2 Kd6 58.Rd3+ Ke6 59.Rdc3 Kd5 60.
Rc5+ Kd6 61.Kd3 Rbxc6 62.Rxc6+ Rxc6 63.Rb3 Kd5 64.Rb5+ Rc5 65.Rb4 f6 66.a4
Rc1 67.Rb6 Ra1 68.Rb4 Ra3+ 69.Ke2 e4 70.Rb5+ Kd4 71.Rb4+ Ke5 72.Rb5+ Kf4 
73.Rf5+ Kxg4 74.Rxf6 Rxa4 75.Ke3 Kg3 76.Rf1 g4 77.Rg1+ Kh3 78.Kf4 e3+ 79.
Kxe3 Kh2 80.Rb1 g3 0-1

[Event "EU-chT Seniors 05th"]
[Site "Dresden"]
[Date "2003.02.26"]
[Round "4.1"]
[White "Vasiukov, Evgeni"]
[Black "Eskandary, Jahja"]
[Result "1-0"]
[WhiteElo "2542"]
[BlackElo "2172"]
[EventDate "2003.02.23"]
[PlyCount "80"]

1.e4 e5 2.Nf3 Nc6 3.Bb5 a6 4.Ba4 d6 5.c3 f5 6.exf5 Bxf5 7.O-O Bd3 8.Re1 
Be7 9.Bc2 Bxc2 10.Qxc2 Qd7 11.d4 exd4 12.cxd4 O-O-O 13.Nc3 Nf6 14.d5 Ne5 
15.Ng5 Rde8 16.f4 Neg4 17.h3 Nh6 18.Ne6 Bd8 19.f5 Nf7 20.Bf4 Rhg8 21.Qf2 
Kb8 22.Qd4 g6 23.Be3 b6 24.Qd3 Qc8 25.Bd4 Nd7 26.fxg6 Rxg6 27.Nf4 Rxe1+ 
28.Rxe1 Bh4 29.Nxg6 Bxe1 30.Ne7 Nde5 31.Qxh7 Qe8 32.Qg8 Qxg8 33.Nxg8 Nd3 
34.Kf1 Bh4 35.b3 b5 36.Bf6 Bg3 37.h4 b4 38.Ne2 Be5 39.g4 a5 40.g5 Nc5 1-0

[Event "EU-chT Seniors 05th"]
[Site "Dresden"]
[Date "2003.02.26"]
[Round "4.1"]
[White "Walke, Guenter"]
[Black "Holt, Trevor J"]
[Result "1-0"]
[WhiteElo "1748"]
[BlackElo "1776"]
[EventDate "2003.02.23"]
[PlyCount "59"]

1.d4 c5 2.e3 e6 3.f4 Nf6 4.Bd3 cxd4 5.exd4 Nc6 6.c3 Qc7 7.Nf3 Be7 8.O-O 
Nd5 9.Ne5 d6 10.Nxc6 bxc6 11.Qf3 f5 12.Nd2 O-O 13.Re1 Rf6 14.a3 Bf8 15.c4 
Ne7 16.b4 Bb7 17.Bb2 Rg6 18.c5 Nd5 19.Nc4 Rd8 20.Re2 Qf7 21.Na5 Ba8 22.
Rae1 Rg4 23.Bc1 Re8 24.Nc4 Qf6 25.Qf2 Qh6 26.Bxf5 Rxf4 27.Bxf4 Nxf4 28.Re3
dxc5 29.dxc5 Nd5 30.Bh3 1-0

[Event "EU-chT Seniors 05th"]
[Site "Dresden"]
[Date "2003.02.26"]
[Round "4.1"]
[White "Wiemer, Juergen"]
[Black "Denda, Ronald"]
[Result "1-0"]
[WhiteElo "2043"]
[BlackElo "2080"]
[EventDate "2003.02.23"]
[PlyCount "91"]

1.e4 e5 2.Nf3 Nc6 3.d4 exd4 4.Nxd4 Bc5 5.c3 Qf6 6.Be3 Nge7 7.Bc4 a6 8.O-O 
O-O 9.f4 d6 10.Kh1 b5 11.Be2 Rb8 12.a3 Bxd4 13.cxd4 d5 14.e5 Qe6 15.g4 f5 
16.g5 Na5 17.b3 Bd7 18.Bd2 Nb7 19.b4 Qb6 20.Be3 a5 21.Nc3 Ra8 22.Qb3 a4 
23.Qa2 c6 24.Rf3 Be6 25.Qd2 g6 26.h4 Kg7 27.Rh3 Rh8 28.Rg1 Rag8 29.Rgg3 
Bf7 30.Bf3 Nd8 31.Nd1 Ne6 32.Nb2 Kf8 33.Nd3 Ke8 34.Nc5 Nxc5 35.dxc5 Qb7 
36.e6 Bxe6 37.Bd4 h5 38.Bxh8 Rxh8 39.Qd4 Rh7 40.Bd1 Bg8 41.Re3 Kf8 42.Re1 
Qc7 43.Rhe3 Rf7 44.Kg2 Rh7 45.Qf6+ Rf7 46.Rxe7 1-0

[Event "EU-chT Seniors 05th"]
[Site "Dresden"]
[Date "2003.02.26"]
[Round "4.2"]
[White "Farrand, Julian"]
[Black "Mueckan, Friedbert"]
[Result "1-0"]
[WhiteElo "2002"]
[BlackElo "1938"]
[EventDate "2003.02.23"]
[PlyCount "35"]

1.d4 c5 2.d5 e6 3.Nc3 d6 4.e4 e5 5.f4 exf4 6.Bxf4 Qf6 7.Qd2 a6 8.a4 h6 9.
Nf3 g5 10.Bg3 Nd7 11.Be2 Ne5 12.O-O Qe7 13.Nxe5 dxe5 14.Bh5 Qd6 15.Rxf7 
Kd8 16.Bxe5 Qxe5 17.Rxf8+ Ke7 18.Re8+ 1-0

[Event "EU-chT Seniors 05th"]
[Site "Dresden"]
[Date "2003.02.26"]
[Round "4.2"]
[White "Forselv, Edmund"]
[Black "Schwertel, Hans"]
[Result "1/2-1/2"]
[WhiteElo "1853"]
[BlackElo "2050"]
[EventDate "2003.02.23"]
[PlyCount "48"]

1.e4 d6 2.d4 g6 3.Nc3 Bg7 4.Nf3 c6 5.Be2 Nf6 6.h3 O-O 7.Bg5 h6 8.Be3 Qc7 
9.Qd2 Kh7 10.g4 Ng8 11.O-O-O b5 12.h4 b4 13.Nb1 Ba6 14.h5 g5 15.Bxa6 Nxa6 
16.Qd3 Qa5 17.e5+ Kh8 18.Bxg5 dxe5 19.Bd2 exd4 20.g5 Nc5 21.Qc4 Ne4 22.
Bxb4 Qf5 23.Qd3 c5 24.Nbd2 cxb4 1/2-1/2

[Event "EU-chT Seniors 05th"]
[Site "Dresden"]
[Date "2003.02.26"]
[Round "4.2"]
[White "Hoen, Ragnar Harald"]
[Black "Lieb, Harald"]
[Result "1/2-1/2"]
[WhiteElo "2269"]
[BlackElo "2336"]
[EventDate "2003.02.23"]
[PlyCount "55"]

1.e4 e6 2.d4 d5 3.Nc3 Nf6 4.exd5 exd5 5.Nf3 Be7 6.Be2 O-O 7.O-O c6 8.Qd3 
Nbd7 9.Bd2 Bd6 10.Rae1 Re8 11.Bd1 Nf8 12.Rxe8 Nxe8 13.Re1 Nc7 14.Ne2 Nce6 
15.c3 Ng6 16.Bc2 Nef8 17.Ng3 Bd7 18.Nf5 Bxf5 19.Qxf5 Nh4 20.Nxh4 Qxh4 21.
g3 Qd8 22.h4 Qc8 23.Qf3 g6 24.Kg2 Qd7 25.Bh6 Ne6 26.Qf6 Be7 27.Qf3 Bf8 28.
Bxf8 1/2-1/2

[Event "EU-chT Seniors 05th"]
[Site "Dresden"]
[Date "2003.02.26"]
[Round "4.2"]
[White "Jaeger, Erich"]
[Black "Potthammel, Joerg"]
[Result "0-1"]
[WhiteElo "2219"]
[BlackElo "2107"]
[EventDate "2003.02.23"]
[PlyCount "106"]

1.d4 Nf6 2.c4 g6 3.Nc3 d5 4.cxd5 Nxd5 5.Na4 Bg7 6.e4 Nb6 7.Be3 O-O 8.Nxb6 
axb6 9.Qd2 c5 10.Nf3 Nc6 11.d5 Nb4 12.Bc4 e6 13.a3 exd5 14.exd5 Qf6 15.Rb1
Bf5 16.axb4 Bxb1 17.O-O Be4 18.Ng5 Bf5 19.bxc5 Qxb2 20.Qxb2 Bxb2 21.cxb6 
Ra4 22.Bb5 Rb4 23.Bc6 Bd4 24.Bxd4 Rxd4 25.Bxb7 Rb4 26.Bc6 Rxb6 27.Nf3 Rd8 
28.Re1 Rb1 29.Rxb1 Bxb1 30.Nd2 Bd3 31.f3 Bb5 32.Ne4 Bxc6 33.dxc6 Rc8 34.c7
Rxc7 35.Nf6+ Kh8 36.h4 Rc4 37.g3 Rc2 38.Ne4 f5 39.Nd6 Kg7 40.Nb5 Kf6 41.
Nd4 Rd2 42.Nc6 Ke6 43.Nb4 Kd6 44.Kf1 Kc5 45.Ke1 Rg2 46.Nd3+ Kd4 47.Nf4 Rh2
48.Kf1 Ke3 49.Kg1 Ra2 50.h5 Kxf3 51.hxg6 hxg6 52.Nxg6 Kxg3 53.Kf1 f4 0-1

[Event "EU-chT Seniors 05th"]
[Site "Dresden"]
[Date "2003.02.26"]
[Round "4.2"]
[White "Langenfeld, Heinz"]
[Black "Richardson, Keith B"]
[Result "1-0"]
[WhiteElo "1942"]
[BlackElo "2141"]
[EventDate "2003.02.23"]
[PlyCount "101"]

1.d4 Nf6 2.Nf3 g6 3.c4 Bg7 4.Nc3 O-O 5.b3 d5 6.e3 c5 7.Bb2 Nc6 8.cxd5 Nxd5
9.Nxd5 Qxd5 10.Bc4 Qh5 11.Ne5 Qxd1+ 12.Rxd1 Nxe5 13.dxe5 Rb8 14.Rd2 b5 15.
Be2 Be6 16.O-O Rfc8 17.Rc1 c4 18.bxc4 bxc4 19.Rdc2 Bf5 20.Rd2 Rb4 21.Bc3 
Ra4 22.g4 Be4 23.f3 Bc6 24.Kf2 e6 25.Bd1 Ra6 26.Bd4 Bd5 27.e4 Ba8 28.Be2 
Ra5 29.Rxc4 Rxc4 30.Bxc4 Bc6 31.Bc3 Rc5 32.Rd8+ Bf8 33.Bb4 Rxc4 34.Bxf8 h5
35.Bh6+ Kh7 36.Bg5 hxg4 37.Bf6 g5 38.fxg4 Rc2+ 39.Ke3 Rxa2 40.Rh8+ Kg6 41.
Rg8+ Kh6 42.Rxg5 Rxh2 43.Rg8 Rb2 44.Rh8+ Kg6 45.g5 Bxe4 46.Kxe4 Rb4+ 47.
Kd3 a5 48.Kc3 Rb5 49.Ra8 Kf5 50.Ra7 Kg6 51.Kc2 1-0

[Event "EU-chT Seniors 05th"]
[Site "Dresden"]
[Date "2003.02.26"]
[Round "4.2"]
[White "Malich, Burkhard"]
[Black "Golcman, Evgeny"]
[Result "1-0"]
[WhiteElo "2368"]
[BlackElo "2350"]
[EventDate "2003.02.23"]
[PlyCount "136"]

1.d4 Nf6 2.Nf3 g6 3.c4 Bg7 4.Nc3 O-O 5.e4 d6 6.Be2 e5 7.O-O Nc6 8.d5 Ne7 
9.Ne1 Ne8 10.Nd3 f5 11.Bd2 fxe4 12.Nxe4 c6 13.Bg5 h6 14.Bxe7 Qxe7 15.Qb3 
Kh7 16.Bf3 h5 17.Rae1 Bh6 18.Bd1 c5 19.Bc2 Ng7 20.f4 exf4 21.Nexc5 Qf6 22.
Ne4 Qd4+ 23.Kh1 Bg4 24.Ndf2 Rad8 25.Nxg4 hxg4 26.Nf2 g3 27.Ng4 Bg5 28.Re4 
Qd2 29.Qd3 Qxd3 30.Bxd3 gxh2 31.Kxh2 Rd7 32.Rh1 Rh8 33.Kg1+ Kg8 34.Rxh8+ 
Kxh8 35.Re2 Kh7 36.Kf2 Re7 37.Rxe7 Bxe7 38.Kf3 Nh5 39.Nf2 Kh6 40.Kg4 Bf6 
41.Ne4 Be5 42.b4 b6 43.Kf3 Ng7 44.c5 bxc5 45.bxc5 dxc5 46.d6 Ne6 47.d7 Bc7
48.Kg4 Kg7 49.Bc4 Nf8 50.Nxc5 Kf6 51.Bb5 Ne6 52.Nd3 a5 53.Bc4 g5 54.Bxe6 
Kxe6 55.Nc5+ Ke7 56.Kxg5 Bb6 57.Nd3 Be3 58.Nxf4 Kxd7 59.Kf5 Kd6 60.Ke4 Bd2
61.g4 Kc5 62.g5 Kc4 63.g6 Bc3 64.Nd5 Bg7 65.Nf4 Kc3 66.Ne6 Bh8 67.Nc5 Kc4 
68.Nd3 Kc3 1-0

[Event "EU-chT Seniors 05th"]
[Site "Dresden"]
[Date "2003.02.26"]
[Round "4.2"]
[White "Meier, Wolfgang"]
[Black "Chernikov, Oleg L"]
[Result "0-1"]
[WhiteElo "2102"]
[BlackElo "2459"]
[EventDate "2003.02.23"]
[PlyCount "96"]

1.e4 c5 2.Nc3 d6 3.g3 g6 4.Bg2 Bg7 5.d3 Nf6 6.Nge2 O-O 7.O-O e5 8.Bg5 h6 
9.Be3 Nc6 10.Qd2 Kh7 11.h3 Nd4 12.f4 Rb8 13.fxe5 dxe5 14.Nd5 Nxd5 15.exd5 
b6 16.c4 Nf5 17.Bf2 Nd6 18.Nc3 f5 19.Rae1 Bd7 20.a4 a5 21.Nb5 Bxb5 22.axb5
Re8 23.Kh1 Bf6 24.Be3 Bg5 25.Bxg5 Qxg5 26.Qxg5 hxg5 27.b3 Kg7 28.Rf2 Ra8 
29.Ra2 Kf6 30.Kg1 Ra7 31.Kf2 Nf7 32.Ke3 Nh6 33.Rf1 g4 34.h4 Ke7 35.Re1 Kd6
36.Kf2 Rh7 37.Rae2 Nf7 38.Rh1 g5 39.hxg5 Rxh1 40.Bxh1 Nxg5 41.Re1 Rh8 42.
Bg2 f4 43.Kg1 f3 44.Bf1 Rg8 45.Kf2 Nf7 46.Re4 Nh6 47.d4 cxd4 48.Bd3 Rg5 
0-1

[Event "EU-chT Seniors 05th"]
[Site "Dresden"]
[Date "2003.02.26"]
[Round "4.2"]
[White "Norman, Dinah M"]
[Black "Gafke, Manfred"]
[Result "1/2-1/2"]
[WhiteElo "2021"]
[BlackElo "1695"]
[EventDate "2003.02.23"]
[PlyCount "60"]

1.d4 d5 2.Nf3 Nf6 3.e3 e6 4.Bd3 Nbd7 5.Nbd2 c5 6.c3 Bd6 7.Qe2 cxd4 8.exd4 
O-O 9.Ne5 Qc7 10.Ndf3 h6 11.O-O a6 12.a4 b6 13.Bf4 Bb7 14.Nxd7 Qxd7 15.
Bxd6 Qxd6 16.Ne5 Rfe8 17.Rfe1 Qe7 18.Bc2 g6 19.a5 b5 20.Nd3 Kg7 21.Qe5 
Rad8 22.Nc5 Bc8 23.f4 Qd6 24.h3 Qxe5 25.fxe5 Nd7 26.Nxd7 Bxd7 27.Rf1 Rc8 
28.Bd3 Rc6 29.Rf3 Rb8 30.Raf1 Be8 1/2-1/2

[Event "EU-chT Seniors 05th"]
[Site "Dresden"]
[Date "2003.02.26"]
[Round "4.2"]
[White "Opl, Klaus"]
[Black "Vink, Wim"]
[Result "1-0"]
[WhiteElo "2283"]
[BlackElo "2082"]
[EventDate "2003.02.23"]
[PlyCount "80"]

1.e4 c6 2.d4 d5 3.exd5 cxd5 4.c4 Nf6 5.Nc3 e6 6.Nf3 Be7 7.cxd5 Nxd5 8.Bd3 
O-O 9.O-O Nc6 10.Re1 a6 11.a3 Nf6 12.Bc2 Qd6 13.Qd3 Rd8 14.Be3 b5 15.b4 
Bb7 16.Rad1 Rac8 17.Bg5 g6 18.Bb3 Qc7 19.Ne2 Qb6 20.Nf4 Rd6 21.Nxe6 Nxb4 
22.axb4 fxe6 23.Bf4 Rdc6 24.Qe2 Kg7 25.Bxe6 Rc2 26.Qe5 Bxb4 27.Bxc8 Rxc8 
28.Re3 a5 29.h4 Re8 30.Qg5 Rxe3 31.fxe3 Bd5 32.Be5 Bb3 33.Rf1 Bc4 34.Rf2 
a4 35.Nh2 h6 36.Bxf6+ Kh7 37.Qf4 a3 38.Ng4 Bf8 39.Be5 a2 40.Rxa2 Bxa2 1-0

[Event "EU-chT Seniors 05th"]
[Site "Dresden"]
[Date "2003.02.26"]
[Round "4.2"]
[White "Starke, Burkhard"]
[Black "Mueller, Siegmar"]
[Result "0-1"]
[WhiteElo "2080"]
[BlackElo "1821"]
[EventDate "2003.02.23"]
[PlyCount "80"]

1.d4 b6 2.e4 Bb7 3.f3 e6 4.c4 Bb4+ 5.Nc3 Ne7 6.Ne2 O-O 7.Bg5 f6 8.Be3 d5 
9.cxd5 exd5 10.Qb3 Bxc3+ 11.Nxc3 Kh8 12.Bd3 dxe4 13.fxe4 Nbc6 14.Ne2 a5 
15.Rd1 Nb4 16.Bb1 f5 17.a3 Na6 18.Nf4 fxe4 19.d5 Qd6 20.O-O Nc5 21.Bxc5 
Qxc5+ 22.Kh1 Bxd5 23.Nxd5 Rxf1+ 24.Rxf1 Qxd5 25.Qxd5 Nxd5 26.Bxe4 c6 27.h3
g6 28.Rc1 Re8 29.Bf3 Re6 30.Rd1 Ne7 31.Rd7 Kg8 32.Kh2 Kf7 33.Ra7 h5 34.Kg3
Kf6 35.Ra6 Nf5+ 36.Kf2 c5 37.b3 Ke5 38.Be2 Kd4 39.Bc4 Rf6 40.Bg8 Ne7+ 0-1

[Event "EU-chT Seniors 05th"]
[Site "Dresden"]
[Date "2003.02.26"]
[Round "4.2"]
[White "Tuerk, Heinz"]
[Black "Krawiec, Witold"]
[Result "1-0"]
[WhiteElo "2120"]
[BlackElo "1903"]
[EventDate "2003.02.23"]
[PlyCount "35"]

1.e4 c5 2.Nf3 d6 3.d4 cxd4 4.Nxd4 Nf6 5.Nc3 a6 6.a4 b6 7.g3 Bb7 8.Bg2 e6 
9.O-O Be7 10.Nb3 Nbd7 11.e5 Nd5 12.Nxd5 Bxd5 13.Bxd5 exd5 14.exd6 Bxd6 15.
Qxd5 Nf6 16.Qc6+ Kf8 17.Rd1 Ne8 18.Bf4 1-0

[Event "EU-chT Seniors 05th"]
[Site "Dresden"]
[Date "2003.02.26"]
[Round "4.2"]
[White "Villing, Dieter"]
[Black "Kahn, Manfred"]
[Result "1-0"]
[WhiteElo "2171"]
[BlackElo "2187"]
[EventDate "2003.02.23"]
[PlyCount "142"]

1.e4 e6 2.d4 d5 3.e5 c5 4.c3 Nc6 5.Nf3 Bd7 6.Be2 f6 7.exf6 Nxf6 8.O-O Bd6 
9.dxc5 Bxc5 10.b4 Bd6 11.b5 Ne5 12.Ba3 Nxf3+ 13.Bxf3 Bxb5 14.Re1 Kf7 15.
Qb3 Ba6 16.Nd2 Bxa3 17.Qxa3 Rc8 18.Rab1 Qc7 19.c4 dxc4 20.Ne4 Nxe4 21.Bxe4
c3 22.Re3 g6 23.Rbe1 Qc5 24.Qb3 Qc4 25.Qa3 Qc5 26.Qb3 Qc4 27.Qa3 c2 28.
Rf3+ Ke8 29.Bxc2 Rc6 30.Bb3 Qc5 31.Qb2 Rf8 32.Rxf8+ Qxf8 33.Bxe6 Kd8 34.
Qd4+ Rd6 35.Qxa7 Kc7 36.Rc1+ Rc6 37.Rxc6+ Kxc6 38.Qe3 Qb4 39.h3 Kd6 40.Bb3
Qb5 41.Qf4+ Qe5 42.Qxe5+ Kxe5 43.f3 g5 44.Kf2 h6 45.g3 b6 46.Ke3 Bc8 47.h4
gxh4 48.gxh4 Bf5 49.f4+ Kd6 50.Kd4 Bg6 51.Bd5 Bb1 52.a3 Bc2 53.Be4 Bb3 54.
Bg6 Bd1 55.f5 Bb3 56.f6 Ke6 57.f7 Ke7 58.Ke5 Ba2 59.Bh5 Bb3 60.Kd4 Be6 61.
Kc3 Bd5 62.Kb4 Bc6 63.Bg6 Bd7 64.Kc4 Bc6 65.Kd4 Ba4 66.Kd5 Bd7 67.Bd3 Ba4 
68.f8=Q+ Kxf8 69.Kd6 Kf7 70.Kc7 b5 71.Kb6 Kf6 1-0

[Event "EU-chT Seniors 05th"]
[Site "Dresden"]
[Date "2003.02.26"]
[Round "4.2"]
[White "Vucenovic, Dragomir"]
[Black "Just, Joachim"]
[Result "1-0"]
[WhiteElo "2300"]
[BlackElo "2136"]
[EventDate "2003.02.23"]
[PlyCount "125"]

{Rochade Europa 4/2003 Der Coach des Swiss-Senioren-Teams, Dragomir 
Vucenovic, führt in der Verwertung eines leichten Vorteils eine technisch 
feine Klinge!} 
1.d4 Nf6 2.g3 e6 3.Bg2 d5 4.Nf3 Be7 5.O-O b6 6.b3 Bb7 7.Bb2 Ne4 8.Nbd2 f5 
9.Nxe4 $1 {Bringt leichten Vorteil für Weiss.} 9...dxe4 10.Ne1 Bf6 11.e3 
c5 12.f3 cxd4 13.exd4 Nc6 {Die Schwäche des Nachziehenden liegt in der 
Bauernstellung.} 14.fxe4 $1 {Gewinnt letztlich einen Bauern!} 14...Nxd4 
15.exf5 $1 Bxg2 16.Nxg2 Nxf5 17.Qxd8+ $1 Rxd8 18.Bxf6 gxf6 19.g4 $1 Nd4 
20.Rxf6 Ke7 
    ( {Oder auch} 20...Nxc2 21.Rc1 Nd4 22.Rc7 Rd7 23.Rc8+ Ke7 24.Rxe6+ 
    Kxe6 25.Rxh8 {mit leichtem Vorteil für Weiss.} )
21.Rf2 Rhg8 22.Ne3 h5 23.h3 hxg4 24.Nxg4 $1 {Geduld ist angesagt!} 
    ( {Nicht so gut war} 24.hxg4 $2 {wegen} 24...Nf5 25.Nxf5+ exf5 26.Rxf5
    Rxg4+ {und angesichts der Bauernverhältnisse am Damenflügel ist ein 
    Remis wahrscheinlich!} )
24...Rc8 25.c4 Rc5 26.Rd1 Nc6 27.Kh2 Ne5 28.Rg1 Nd3 29.Rf3 Nb4 30.Rg2 Nc6 
31.Rd2 Ne5 32.Nxe5 Rxe5 33.Rfd3 Rf5 34.Rd7+ Kf6 35.Rxa7 {Auch nach dem 
Gewinn des zweiten Bauern ist Vorsicht geboten bei einem 
Doppelturmendspiel!} 35...Rf3 36.Rh7 Ke5 37.Rh4 Rf1 38.Re2+ Kd6 39.Rg4 $1 
{Es muss das Bestreben von Weiss sein ein einfaches Turmendspiel, also 
einen Turmtausch, herbeizuführen und Schwarz muss versuchen, dies zu 
vermeiden!} 39...Rgf8 $1 40.Rge4 R1f2+ 41.Kg3 R2f3+ 42.Kg2 R3f6 43.b4 Rg8+
44.Kh2 Rh8 45.R4e3 Rc8 46.Rd3+ Ke7 47.Rc3 Rf4 48.Rce3 Rf6 49.Re4 Ra8 50.
Re5 Ra3 51.Rh5 Rc3 52.c5 bxc5 53.Rxc5 {Jetzt werden die die Verhältnisse 
klar ersichtlich: Die weissen Bauern bewegen sich frei!} 53...Rcf3 54.Rg5 
Ra3 55.Rg3 Ra4 56.a3 Ra8 57.Rb3 Kd6 58.b5 Kc5 59.b6 Kc6 60.b7 Rb8 61.Rc2+ 
Kd7 62.Rd3+ Ke7 63.Rc7+ $1 1-0

[Event "EU-chT Seniors 05th"]
[Site "Dresden"]
[Date "2003.02.26"]
[Round "4.2"]
[White "Watzka, Horst"]
[Black "Starck, Bodo"]
[Result "1-0"]
[WhiteElo "2337"]
[BlackElo "2252"]
[EventDate "2003.02.23"]
[PlyCount "56"]

1.e4 c6 2.c4 d5 3.exd5 cxd5 4.cxd5 Nf6 5.Nc3 Nxd5 6.Nf3 Nc6 7.Bb5 Nxc3 8.
bxc3 e6 9.O-O Be7 10.d4 O-O 11.Re1 Bd7 12.Qe2 Rc8 13.Bd2 Bf6 14.Rab1 Na5 
15.Bd3 Bc6 16.Rbc1 Bd5 17.c4 Bxf3 18.Qxf3 Nc6 19.Qe4 g6 20.d5 Ne5 21.Bf1 
exd5 22.cxd5 Rxc1 23.Rxc1 a6 24.Re1 Qb6 25.Rb1 Qa7 26.Be3 Qa8 27.a4 Rd8 
28.Bb6 Rd6 1-0

[Event "EU-chT Seniors 05th"]
[Site "Dresden"]
[Date "2003.02.26"]
[Round "4.3"]
[White "Dorawa, Bernhard"]
[Black "Kupper, Josef"]
[Result "0-1"]
[WhiteElo "2152"]
[BlackElo "2380"]
[EventDate "2003.02.23"]
[PlyCount "80"]

1.e4 e6 2.d4 d5 3.Nc3 Bb4 4.e5 Qd7 5.Bd2 b6 6.Nb5 Bf8 7.Nf3 Ba6 8.a4 c6 9.
Na3 Bxf1 10.Kxf1 Ne7 11.Qe2 c5 12.Nb5 Nec6 13.a5 bxa5 14.Bxa5 Nxa5 15.Rxa5
c4 16.Nd6+ Bxd6 17.exd6 Qxd6 18.Qd2 O-O 19.g3 Qb6 20.Ra2 Nc6 21.Kg2 a5 22.
Rha1 Qc7 23.c3 Rfb8 24.Qc2 h6 25.Qe2 Rb3 26.Nd2 Rb6 27.Nf1 Rab8 28.Ne3 Qb7
29.Nd1 Qd7 30.f4 f6 31.Rc1 e5 32.dxe5 fxe5 33.fxe5 Re8 34.Qe3 Rbb8 35.Qc5 
Rxe5 36.Nf2 Qe6 37.Rc2 d4 38.Qa3 d3 39.Rd2 Qd5+ 40.Kf1 Rf8 0-1

[Event "EU-chT Seniors 05th"]
[Site "Dresden"]
[Date "2003.02.26"]
[Round "4.3"]
[White "Kahn, Peter"]
[Black "Reuben, Stewart"]
[Result "1/2-1/2"]
[WhiteElo "2143"]
[BlackElo "2161"]
[EventDate "2003.02.23"]
[PlyCount "53"]

1.e4 c5 2.c3 Nf6 3.e5 Nd5 4.d4 cxd4 5.Nf3 Nc6 6.cxd4 d6 7.Bc4 Nb6 8.Bb5 
dxe5 9.Nxe5 Bd7 10.Nxd7 Qxd7 11.Nc3 a6 12.Bxc6 bxc6 13.O-O g6 14.Re1 Bg7 
15.Bg5 Nc8 16.Qf3 O-O 17.d5 cxd5 18.Nxd5 f6 19.Be3 Rb8 20.Rad1 Qa4 21.Nc3 
Qb4 22.Qd5+ Kh8 23.Bc1 f5 24.a3 Qb3 25.Qa5 Qb6 26.Qd5 Qb3 27.Qa5 1/2-1/2

[Event "EU-chT Seniors 05th"]
[Site "Dresden"]
[Date "2003.02.26"]
[Round "4.3"]
[White "Landgraf, Siegfried"]
[Black "Titz, Heimo"]
[Result "1/2-1/2"]
[WhiteElo "2106"]
[BlackElo "2326"]
[EventDate "2003.02.23"]
[PlyCount "85"]

1.d4 Nf6 2.Nf3 e6 3.g3 c5 4.Bg2 cxd4 5.O-O Qb6 6.Nxd4 Nc6 7.Nb3 d5 8.N1d2 
Be7 9.c4 O-O 10.cxd5 exd5 11.Nf3 a5 12.Be3 Qa6 13.Rc1 Qb5 14.Nfd4 Nxd4 15.
Bxd4 a4 16.Nd2 Bg4 17.Nf3 Ne4 18.h3 Be6 19.Qd3 Qa5 20.Qe3 Rac8 21.Rxc8 
Rxc8 22.Rc1 Rxc1+ 23.Qxc1 h6 24.e3 a3 25.Bf1 Ng5 26.Nxg5 hxg5 27.b3 Bf6 
28.Kg2 Qb4 29.Bc5 Bb2 30.Bxb4 Bxc1 31.Bd3 Bb2 32.Bc2 f6 33.g4 Kf7 34.Kf1 
Bd7 35.Bd3 Be6 36.Bc2 g6 37.Kg2 Bd7 38.Bd3 Be8 39.Be2 Ke6 40.Bd3 Ke5 41.
Bc5 Bf7 42.Bc2 Ke6 43.Kf3 1/2-1/2

[Event "EU-chT Seniors 05th"]
[Site "Dresden"]
[Date "2003.02.26"]
[Round "4.3"]
[White "Lenk, Wolfgang"]
[Black "Eis, Helko"]
[Result "1/2-1/2"]
[WhiteElo "2187"]
[BlackElo "2092"]
[EventDate "2003.02.23"]
[PlyCount "40"]

1.e4 d6 2.d4 Nf6 3.Nc3 c6 4.f4 Qa5 5.Bd3 e5 6.dxe5 dxe5 7.f5 b5 8.Bd2 b4 
9.Nb1 Ba6 10.Nh3 Nbd7 11.O-O Bxd3 12.cxd3 Bc5+ 13.Kh1 Qb5 14.Rf3 Bd4 15.
Qc2 Nc5 16.Bg5 Na4 17.Nd2 Nxb2 18.Rb1 Na4 19.Nc4 Kd7 20.Na3 Qa5 1/2-1/2

[Event "EU-chT Seniors 05th"]
[Site "Dresden"]
[Date "2003.02.26"]
[Round "4.3"]
[White "Lewicki, Wieslaw"]
[Black "Schulz, Wolfgang"]
[Result "0-1"]
[WhiteElo "2000"]
[BlackElo "2119"]
[EventDate "2003.02.23"]
[PlyCount "102"]

1.e4 d6 2.d4 Nf6 3.Nc3 e5 4.dxe5 dxe5 5.Qxd8+ Kxd8 6.Bg5 Be6 7.Nf3 Nd7 8.
O-O-O h6 9.Bh4 Bd6 10.h3 Ke8 11.Bb5 a6 12.Bxd7+ Nxd7 13.Bg3 f6 14.a3 Kf7 
15.Nd2 Nb6 16.Rhf1 g5 17.Rh1 h5 18.f3 Bc5 19.b4 Be7 20.Bf2 a5 21.Bc5 axb4 
22.axb4 Na4 23.Nxa4 Rxa4 24.Nb3 b6 25.Bxe7 Kxe7 26.Kb2 Rxb4 27.Ra1 Rd8 28.
Ra7 Rd7 29.Rha1 Bxb3 30.cxb3 Rb5 31.Rc1 c5 32.Rxd7+ Kxd7 33.Rd1+ Ke7 34.
Kc3 Rb4 35.Ra1 Rd4 36.Ra7+ Rd7 37.Ra8 h4 38.Rb8 Rd6 39.Kc4 Rd4+ 40.Kb5 
Rb4+ 41.Kc6 Rxb3 42.Rb7+ Ke6 43.Rd7 c4 44.Rd6+ Kf7 45.Rd7+ Kg6 46.Rc7 b5 
47.Kd5 c3 48.Ke6 Ra3 49.Rc6 b4 50.Ke7 Ra7+ 51.Ke6 Rb7 0-1